La Confédération générale du travail (Registro nro. 116898)

Detalles MARC
000 -LEADER
campo de control de longitud fija 00584nam a2200169 4500
001 - NÚMERO DE CONTROL
campo de control 116898
003 - IDENTIFICADOR DE NÚMERO DE CONTROL
campo de control ES-MaACL
005 - FECHA Y HORA DE LA ÚLTIMA TRANSACCIÓN
campo de control 20230906190805.0
007 - CAMPO FIJO DE DESCRIPCIÓN FÍSICA--INFORMACIÓN GENERAL
campo de control de longitud fija t|
008 - DATOS DE LONGITUD FIJA--INFORMACIÓN GENERAL
campo de control de longitud fija 070227s1910 fr r ||||1| fre d
100 1# - ENTRADA PRINCIPAL--NOMBRE DE PERSONA
Nombre de persona Pawlowski, Auguste.
9 (RLIN) 89697
245 13 - MENCIÓN DEL TÍTULO
Título La Confédération générale du travail
Resto del título : ses origines, son organisation, ses tendances, ses moyens d'action et son avenir /
Mención de responsabilidad, etc. par Auguste Pawlowski ; préface de J. Bourdeau.
260 ## - PUBLICACIÓN, DISTRIBUCIÓN, ETC.
Lugar de publicación, distribución, etc. Paris :
Nombre del editor, distribuidor, etc. F. Alcan,
Fecha de publicación, distribución, etc. 1910.
300 ## - DESCRIPCIÓN FÍSICA
Extensión 156 p. ;
Dimensiones 19 x 12 cm.
700 1# - ENTRADA AGREGADA--NOMBRE PERSONAL
Nombre de persona Bourdeau, J.
9 (RLIN) 30954
852 ## - LOCALIZACIÓN
Ubicación ES-MaACL
Número de control de estantería F-5914
Existencias
Estatus retirado Estado de pérdida Estado de daño No para préstamo Biblioteca de origen Biblioteca actual Ubicación en estantería Fecha de adquisición Fuente de adquisición Total de préstamos Signatura topográfica completa Código de barras Visto por última vez Precio de reemplazo Tipo de ítem Koha
        Biblioteca del Ateneo de Madrid Biblioteca del Ateneo de Madrid Depósito 2 17/01/2008     F-5914 1121885 23/02/2023 23/02/2023 Libro impreso